تاريخ التربية البدنية / (رقم التسجيلة. 75223)

تفاصيل مارك
000 -LEADER
fixed length control field 00679nam a22002177a 4500
005 - DATE AND TIME OF LATEST TRANSACTION
control field 20251108172303.0
008 - FIXED-LENGTH DATA ELEMENTS--GENERAL INFORMATION
fixed length control field 250721s9999 xx 000 0 ara d
082 14 - DEWEY DECIMAL CLASSIFICATION NUMBER
Classification number 796.09/فان
100 1# - MAIN ENTRY--PERSONAL NAME
Personal name فان دالين، ديوبولدب
245 10 - TITLE STATEMENT
Title تاريخ التربية البدنية /
264 1# - PRODUCTION, PUBLICATION, DISTRIBUTION, MANUFACTURE, AND COPYRIGHT NOTICE
Place of production, publication, distribution, manufacture القاهرة :
Name of producer, publisher, distributor, manufacturer دار الفكر العري،
300 ## - PHYSICAL DESCRIPTION
Extent 1041ص
650 17 - SUBJECT ADDED ENTRY--TOPICAL TERM
Topical term or geographic name as entry element الألعاب الرياضية
650 17 - SUBJECT ADDED ENTRY--TOPICAL TERM
Topical term or geographic name as entry element التاريخ
700 1# - ADDED ENTRY--PERSONAL NAME
Personal name المرد، ميتشل
700 1# - ADDED ENTRY--PERSONAL NAME
Personal name بروس ل، بنيت
700 1# - ADDED ENTRY--PERSONAL NAME
Personal name علام، محمد عبد الخالق
Relator term ترجمة
700 1# - ADDED ENTRY--PERSONAL NAME
Personal name فضالي، محمد
942 ## - ADDED ENTRY ELEMENTS (KOHA)
Source of classification or shelving scheme Dewey Decimal Classification
Koha item type كتب
المقتنيات
حالة السحب حالة الفقدان مصدر التصنيف حالة التلف غير قابل للإعارة المكتبة الرئيسية المكتبة الحالية موقع الرف تاريخ التزويد الرقم المتسلسل Total Checkouts رقم الإستدعاء تاريخ آخر ظهور تاريخ الفاتورة نوع المادة (كوها)
    Dewey Decimal Classification Unchecked   مكتبة صويلح العامة مكتبة صويلح العامة الإعارة 06/07/2004 3349   796.09/فان 28/07/2025 06/07/2004 كتب
Implemented & Customized by: BBB with SCIT (Smart Chains for Information Technology)

Powered by Koha